| 000 | 00946nam a2200265 a 4500 | ||
|---|---|---|---|
| 001 | 000024734 | ||
| 005 | 20200930023334.0 | ||
| 008 | 110203s1976 mx r 000 0 spa d | ||
| 020 | _a8437500516 | ||
| 040 |
_aDO-SdBNP _bspa _cBNPHU |
||
| 082 |
_a824.91 _bM498m |
||
| 100 | 1 |
_aMehta, Ved, _d1934- _950746 |
|
| 240 | 1 | 0 |
_aThe fly and the fly-bottle. _lEspañol. |
| 245 | 1 | 0 |
_aLa mosca y el frasco : _bencuentros con intelectuales británicos / _cVed Mehta ; traducción del inglés de Augusto Monterroso y Edmundo Flores. |
| 260 |
_aMéxico, D. F. : _bFondo de Cultura Económica, _c1976. |
||
| 300 |
_a261, [2] p. ; _c17 cm. |
||
| 490 | 1 | _aPopular | |
| 534 |
_aTítulo original inglés: _tThe fly and the fly-bottle |
||
| 650 | 4 |
_aEnsayos ingleses _942620 |
|
| 650 | 4 |
_aLiteratura inglesa _9498 |
|
| 700 | 1 |
_aMonterroso, Augusto, _etr. _950747 |
|
| 700 | 1 |
_aFlóres, Edmundo, _etr. _950748 |
|
| 830 | 0 |
_aPopular ; _v156 _913374 |
|
| 049 | _aBNGR | ||
| 999 |
_c24227 _d24227 |
||